| 000 -LEADER |
| fixed length control field |
02940nam a2200241 a 4500 |
| 003 - CONTROL NUMBER IDENTIFIER |
| control field |
AR-BaISA |
| 005 - DATE AND TIME OF LATEST TRANSACTION |
| control field |
20230818155752.0 |
| 006 - FIXED-LENGTH DATA ELEMENTS--ADDITIONAL MATERIAL CHARACTERISTICS |
| fixed length control field |
aad||fr|||| 00| 0 |
| 007 - PHYSICAL DESCRIPTION FIXED FIELD--GENERAL INFORMATION |
| fixed length control field |
ta |
| 008 - FIXED-LENGTH DATA ELEMENTS--GENERAL INFORMATION |
| fixed length control field |
230818s2015 ag ad||f |||| 00| 0 spa d |
| 020 ## - INTERNATIONAL STANDARD BOOK NUMBER |
| International Standard Book Number |
9789501292732 |
| 040 ## - CATALOGING SOURCE |
| Language of cataloging |
spa |
| Transcribing agency |
AR-BaISA |
| 082 04 - DEWEY DECIMAL CLASSIFICATION NUMBER |
| Edition number |
22 |
| Classification number |
155.4 Ab37e |
| 245 03 - TITLE STATEMENT |
| Title |
El psicoanálisis de niños y sus aplicaciones / |
| Statement of responsibility, etc. |
Arminda Aberastury (comp.); colaboradoras: Sofía Kunst de Müller, Diana Becher de Goldberg, Alicia Sirota, Emilce Dio de Bleichmar, Julio Nejamkis, María Inés Egozcue, Graciela Resnicoff, Lidia Foti, Guillermo Rinaldi, Haydée C. Kohan de Saimovici, Edmundo Saimovici, Lydia Kornblihtt de Ravaschino, Eduardo J. Salas, Raquel Soifer. Selección de títulos y prólogos de Eva Tabakian |
| 260 ## - PUBLICATION, DISTRIBUTION, ETC. |
| Place of publication, distribution, etc. |
Buenos Aires: |
| Name of publisher, distributor, etc. |
Paidós, |
| Date of publication, distribution, etc. |
2015 |
| 300 ## - PHYSICAL DESCRIPTION |
| Extent |
236 p.: |
| Other physical details |
il., graf. |
| 490 ## - SERIES STATEMENT |
| Serie |
Biblioteca fundamental de las ciencias de la psicología / Posfreudianos |
| 505 ## - FORMATTED CONTENTS NOTE |
| Title |
Arminda Aberastury / Psicoanálisis y psicoterapia psicoanalítica en niños -- |
| -- |
Arminda Aberastury / Historia de una técnica: preparación psicoterapéutica en cirugía -- |
| -- |
Guillermo Rinaldi / Preparación psicoterapéutica en cirugía cardiovascular infantil -- |
| -- |
Diana Becher de Goldberg / Un caso de cardiopatía congénita -- |
| -- |
Eduardo J. Salas, Lidia Fonti, Edmundo Saimovici y Alicia Sirota / Psicoterapia de grupo para niños y madres en situación de emergencia frente al tratamiento odontológico de los niños -- |
| -- |
Edmundo Saimovici / Imagen del odontopediatra y del tratamiento odontológico en niños -- |
| -- |
Edmundo Saimovici y Julio Nejamkis / Aportes de la odontopediatría a la investigación psicoanalítica de la relación entre las ansiedades orales y genitales -- |
| -- |
María Inés Egozcue / Aportes psicoanalíticos a la clínica odontopediátrica -- |
| -- |
Edmundo Saimovici y Haydée C. Kohan de Saimovici / Significado de la dentición y de los dientes en la obra de S. Freud, K. Abraham, S. Ferenczi y M. Klein -- |
| -- |
Raquel Soifer / Psicoterapia del grupo familiar con niños utilizando juguetes -- |
| -- |
Lydia Kornblihtt de Ravaschino y Raquel Soifer / Comentario de entrevistas realizadas a dos familias con niños mellizos -- |
| -- |
Raquel Soifer y Graciela Resnicoff / Psicoterapia de grupo familiar con niños: un ejemplo clínico -- |
| -- |
Raquel Soifer y Sofía Kunst de Müller / Ejemplo clínico de psicoterapia de grupo familiar con niños: una familia en la que el padre falleció bruscamente: el problema social de la viuda con hijos -- |
| -- |
Raquel Soifer y Graciela Resnicoff / Posibilidades del grupo familiar con niños como colaborador para una tarea de psicohigiene: el problema de la desprotección de la familia contemporánea -- |
| -- |
Emilce Dio de Bleichmar / La psicoterapia del binomio madre-hijo en la simbiosis patológica |
| 650 14 - SUBJECT ADDED ENTRY--TOPICAL TERM |
| 9 (RLIN) |
141 |
| Topical term or geographic name entry element |
Psicoanálisis |
| 650 14 - SUBJECT ADDED ENTRY--TOPICAL TERM |
| 9 (RLIN) |
1932 |
| Topical term or geographic name entry element |
Psicología infantil |
| 700 ## - ADDED ENTRY--PERSONAL NAME |
| 9 (RLIN) |
2978 |
| Personal name |
Aberastury, Arminda |
| Relator term |
comp. |
| 942 ## - ADDED ENTRY ELEMENTS (KOHA) |
| Source of classification or shelving scheme |
|
| Koha item type |
Libros |
| Edition |
22 |